[Event "Verona op 5th"]
[Site "Verona"]
[Date "1999.??.??"]
[Round "?"]
[White "Agnelli, Francesco"]
[Black "Rodighiero, Giuseppe"]
[Result "1-0"]
[WhiteElo "2075"]
[BlackElo "2185"]
[PlyCount "45"]
[EventDate "1999.??.??"]
[EventType "swiss"]
[EventRounds "7"]
[EventCountry "ITA"]
[SourceTitle "EXT 2005"]
[Source "ChessBase"]
[SourceDate "2004.11.15"]
[SourceVersion "1"]
[SourceVersionDate "2004.11.15"]
[SourceQuality "1"]

1. e4 c6 2. d4 d5 3. Nc3 dxe4 4. Nxe4 Bf5 5. Ng3 Bg6 6. h4 h6 7. Nh3 e6 8. Bc4 Nf6 9. c3 Bd6 10. Nf4 Bh7 11. Qf3 Qc7 12. Nfh5 Nxh5 13. Nxh5 Bf8 14. Bf4 Qb6 15. Qg3 Bg6 16. Nxg7+ Bxg7 17. h5 Bxd4 18. hxg6 Qxb2 19. 0-0 Qxc3 20. gxf7+ Kxf7 21. Bxe6+ Kxe6 22. Qg6+ Bf6 23. Rfe1+ 1-0

[Event "Verona op 5th"]
[Site "Verona"]
[Date "1999.??.??"]
[Round "?"]
[White "Rodighiero, Giuseppe"]
[Black "Pizzuto, Samuele Tullio"]
[Result "1/2-1/2"]
[WhiteElo "2185"]
[BlackElo "2115"]
[PlyCount "50"]
[EventDate "1999.??.??"]
[EventType "swiss"]
[EventRounds "7"]
[EventCountry "ITA"]
[SourceTitle "EXT 2005"]
[Source "ChessBase"]
[SourceDate "2004.11.15"]
[SourceVersion "1"]
[SourceVersionDate "2004.11.15"]
[SourceQuality "1"]

1. d4 d5 2. Nf3 Nc6 3. c3 Bg4 4. Bf4 e6 5. Nbd2 Bd6 6. e3 f6 7. Bxd6 cxd6 8. Be2 Bf5 9. 0-0 Nge7 10. Nh4 0-0 11. Nxf5 Nxf5 12. Bd3 Nfe7 13. e4 dxe4 14. Nxe4 Nd5 15. Re1 f5 16. Nd2 Qf6 17. Bc4 Nf4 18. g3 Nh3+ 19. Kg2 Ng5 20. f3 d5 21. Bb3 f4 22. g4 Qh6 23. Qe2 Qh3+ 24. Kh1 Rf6 25. Qg2 Qh4 1/2-1/2

[Event "Budapest FS12 IM-A"]
[Site "Budapest"]
[Date "1997.??.??"]
[Round "1"]
[White "Dudas, Janos"]
[Black "Rodighiero, Giuseppe"]
[Result "1-0"]
[WhiteElo "2400"]
[BlackElo "2185"]
[PlyCount "69"]
[EventDate "1997.??.??"]
[EventType "tourn"]
[EventRounds "11"]
[EventCountry "HUN"]
[SourceTitle "EXT 1999"]
[Source "ChessBase"]
[SourceDate "1998.11.16"]
[SourceVersion "1"]
[SourceVersionDate "1998.11.16"]
[SourceQuality "1"]

1. d4 Nf6 2. Nf3 g6 3. c4 Bg7 4. Nc3 0-0 5. Bg5 d6 6. e3 Nbd7 7. Be2 h6 8. Bh4 c6 9. 0-0 g5 10. Bg3 Nh5 11. Qc2 Nxg3 12. hxg3 Nf6 13. Rad1 Bg4 14. Rd2 Qc7 15. Bd3 e5 16. dxe5 dxe5 17. Bf5 Bxf3 18. gxf3 Rfd8 19. Rfd1 Bf8 20. a3 Be7 21. g4 Rd7 22. Rxd7 Rd8 23. Ne2 Rxd7 24. Qd2 Qd6 25. Qc2 Ne8 26. Ng3 Ng7 27. Kg2 b6 28. Qa4 a5 29. Bb1 Kf8 30. Qc2 Ke8 31. Qh7 Bf8 32. Bf5 Nxf5 33. Nxf5 Qf6 34. a4 Qe6 35. Qh8 1-0

[Event "Corsico op"]
[Site "Corsico"]
[Date "1997.??.??"]
[Round "3"]
[White "Rodighiero, Giuseppe"]
[Black "Ranieri, Fabrizio"]
[Result "1/2-1/2"]
[WhiteElo "2185"]
[BlackElo "2125"]
[PlyCount "25"]
[EventDate "1997.??.??"]
[EventType "swiss"]
[EventRounds "7"]
[EventCountry "ITA"]
[SourceTitle "EXT 1998"]
[Source "ChessBase"]
[SourceDate "1997.11.17"]
[SourceVersion "1"]
[SourceVersionDate "1997.11.17"]
[SourceQuality "1"]

1. Nf3 d5 2. g3 Nf6 3. Bg2 e6 4. 0-0 Be7 5. d3 0-0 6. Nbd2 c5 7. e4 Nc6 8. c3 b5 9. Re1 Qb6 10. a4 bxa4 11. Qxa4 a5 12. exd5 Nxd5 13. Nc4 1/2-1/2

[Event "Budapest FS12 IM-A"]
[Site "Budapest"]
[Date "1997.??.??"]
[Round "7"]
[White "Rodighiero, Giuseppe"]
[Black "Vandrey, Wolfgang"]
[Result "0-1"]
[WhiteElo "2185"]
[BlackElo "2300"]
[PlyCount "80"]
[EventDate "1997.??.??"]
[EventType "tourn"]
[EventRounds "11"]
[EventCountry "HUN"]
[SourceTitle "EXT 1999"]
[Source "ChessBase"]
[SourceDate "1998.11.16"]
[SourceVersion "1"]
[SourceVersionDate "1998.11.16"]
[SourceQuality "1"]

1. d4 Nf6 2. Nf3 d6 3. c4 Nbd7 4. Nc3 e5 5. e4 c6 6. Be2 Be7 7. 0-0 0-0 8. Re1 a6 9. a4 a5 10. Qc2 exd4 11. Nxd4 Nc5 12. Bf4 Qb6 13. Rad1 Ne8 14. Bf3 Ne6 15. Nxe6 fxe6 16. Bg3 e5 17. b3 Nc7 18. Ne2 Ne6 19. Kh1 Nc5 20. Rb1 Be6 21. Nc1 Bf7 22. Nd3 Ne6 23. Bd1 Qc7 24. f4 exf4 25. Nxf4 Nxf4 26. Bxf4 Bf6 27. Bg4 Be5 28. Bxe5 dxe5 29. Rbd1 Rad8 30. Rf1 Rxd1 31. Rxd1 Rd8 32. c5 Rd4 33. Rf1 h5 34. Bf3 Rb4 35. Rb1 Qd8 36. Kg1 Qd4+ 37. Kf1 Qe3 38. Qe2 Bc4 39. Qxc4+ Rxc4 40. Re1 Qxb3 0-1

[Event "Corsico op 10th"]
[Site "Corsico"]
[Date "1995.10.??"]
[Round "1"]
[White "Cazzaniga, Walter"]
[Black "Rodighiero, Giuseppe"]
[Result "0-1"]
[WhiteElo "2190"]
[BlackElo "2185"]
[PlyCount "132"]
[EventDate "1995.10.08"]
[EventType "swiss"]
[EventRounds "7"]
[EventCountry "ITA"]
[SourceTitle "EXT 2023"]
[Source "ChessBase"]
[SourceDate "2022.10.05"]
[SourceVersion "1"]
[SourceVersionDate "2022.10.05"]
[SourceQuality "1"]

1. d4 Nf6 2. c4 g6 3. Nc3 Bg7 4. e4 d6 5. f3 0-0 6. Be3 Nbd7 7. Nge2 c5 8. Qd2 a6 9. a3 Rb8 10. Rb1 Qc7 11. dxc5 dxc5 12. Bf4 e5 13. Be3 Nb6 14. Nc1 Rd8 15. Qf2 Nbd7 16. Nd5 Nxd5 17. cxd5 b5 18. Be2 f5 19. 0-0 f4 20. Bd2 c4 21. b4 Bf8 22. Na2 Qb6 23. g3 fxg3 24. hxg3 Qxf2+ 25. Rxf2 Nf6 26. Be3 Bd6 27. Nc3 Nh5 28. Kh2 Bb7 29. f4 Nf6 30. Bc5 exf4 31. Bxd6 Rxd6 32. gxf4 Rd7 33. a4 bxa4 34. Nxa4 Nxe4 35. Nc5 Nxf2 36. Nxd7 Rd8 37. Nc5 Bxd5 38. Nxa6 Nd3 39. Nc7 Nxf4 40. Nxd5 Nxe2 41. Ne3 c3 42. b5 c2 43. Nxc2 Nc3 44. Rb2 Nxb5 45. Rxb5 Rd2+ 46. Kg3 Rxc2 47. Rb7 Rc5 48. Kg4 Rf5 49. Ra7 Rf7 50. Ra1 Kg7 51. Ra5 Rb7 52. Ra4 h5+ 53. Kf4 Kh6 54. Re4 Rf7+ 55. Kg3 Rf6 56. Re8 Ra6 57. Kf4 Ra4+ 58. Kg3 Ra6 59. Kf4 Rf6+ 60. Kg3 Kg5 61. Re4 h4+ 62. Rxh4 Rf3+ 63. Kg2 Kxh4 64. Kxf3 g5 65. Kf2 Kh3 66. Kf1 Kh2 0-1

[Event "Mogliano Veneto op 15th"]
[Site "Mogliano Veneto"]
[Date "1994.??.??"]
[Round "?"]
[White "Rodighiero, Giuseppe"]
[Black "Rossi, Carlo"]
[Result "0-1"]
[WhiteElo "2190"]
[BlackElo "2345"]
[PlyCount "70"]
[EventDate "1994.??.??"]
[EventType "swiss"]
[EventRounds "5"]
[EventCountry "ITA"]
[SourceTitle "EXT 2000"]
[Source "ChessBase"]
[SourceDate "1999.11.16"]
[SourceVersion "1"]
[SourceVersionDate "1999.11.16"]
[SourceQuality "1"]

1. d4 Nc6 2. Nf3 d6 3. d5 Nb8 4. c4 Nf6 5. Nc3 g6 6. e4 Bg7 7. Be2 0-0 8. 0-0 c6 9. Re1 Bg4 10. Be3 Qa5 11. Nd2 Bxe2 12. Qxe2 Nfd7 13. Nb3 Qb4 14. Bd2 Qb6 15. Be3 c5 16. Rab1 Na6 17. Nb5 Nc7 18. Nxc7 Qxc7 19. Bd2 a6 20. Rec1 b5 21. Na5 b4 22. Nc6 Rfe8 23. a4 e6 24. Qd3 exd5 25. exd5 Ne5 26. Nxe5 Bxe5 27. Re1 Re7 28. Bg5 f6 29. Bh4 Rae8 30. Kf1 Bxb2 31. Re6 Bc3 32. f4 Rxe6 33. dxe6 Qe7 34. f5 gxf5 35. Qxf5 Qxe6 0-1

[Event "Forli op"]
[Site "Forli"]
[Date "1993.??.??"]
[Round "3"]
[White "Rodighiero, Giuseppe"]
[Black "Lurje, Pawel"]
[Result "1-0"]
[WhiteElo "2190"]
[BlackElo "2100"]
[PlyCount "55"]
[EventDate "1993.10.??"]
[EventType "swiss"]
[EventRounds "9"]
[EventCountry "ITA"]
[SourceTitle "EXT 1998"]
[Source "ChessBase"]
[SourceDate "1997.11.17"]
[SourceVersion "1"]
[SourceVersionDate "1997.11.17"]
[SourceQuality "1"]

1. d4 Nf6 2. Nf3 g6 3. c4 Bg7 4. Nc3 d6 5. e4 0-0 6. Be2 e5 7. 0-0 Nc6 8. Be3 Ng4 9. Bg5 f6 10. Bc1 Kh8 11. d5 Ne7 12. Ng5 Nh6 13. Ne6 Bxe6 14. dxe6 c6 15. f4 f5 16. fxe5 Qb6+ 17. Kh1 dxe5 18. Bxh6 Bxh6 19. Qd6 Rae8 20. Rab1 Bg7 21. c5 Qd8 22. Rbd1 f4 23. b4 Ng8 24. Bc4 Qh4 25. Qc7 Nh6 26. Be2 Rxe6 27. Rd7 Rg8 28. Rxg7 1-0

[Event "Madonna di Campiglio op 14th"]
[Site "Madonna di Campiglio"]
[Date "1988.07.22"]
[Round "6.14"]
[White "Rodighiero, Giuseppe"]
[Black "Eymann, Henri"]
[Result "1-0"]
[WhiteElo "1972"]
[BlackElo "2000"]
[PlyCount "87"]
[EventDate "1988.07.16"]
[EventType "swiss"]
[EventRounds "8"]
[EventCountry "ITA"]
[SourceTitle "EXT 2023"]
[Source "ChessBase"]
[SourceDate "2022.10.05"]
[SourceVersion "1"]
[SourceVersionDate "2022.10.05"]
[SourceQuality "1"]

1. d4 c5 2. d5 b5 3. e4 a6 4. c4 bxc4 5. Bxc4 g6 6. Nf3 Bg7 7. 0-0 d6 8. Nc3 Nd7 9. Bf4 Ngf6 10. h3 0-0 11. Re1 Rb8 12. Rb1 Ne8 13. Qe2 Nc7 14. e5 Nb6 15. Bb3 Bf5 16. Rbd1 Nb5 17. g4 Bd7 18. Ne4 Re8 19. a4 Nd4 20. Nxd4 cxd4 21. exd6 exd6 22. Qxa6 Ra8 23. Qd3 Bxa4 24. Nxd6 Rxe1+ 25. Rxe1 Qd7 26. Bxa4 Qxa4 27. Qe4 Qb3 28. Nxf7 Qxd5 29. Nh6+ Bxh6 30. Qxd5+ Nxd5 31. Bxh6 Nb4 32. Rd1 Rd8 33. Bg5 Rd5 34. Bd2 Nc6 35. f4 Rb5 36. b4 Rb6 37. Rb1 Na5 38. Kf2 Kf7 39. Ke2 Ke6 40. Kd3 Kd5 41. b5 Nc4 42. Be1 Na3 43. Rb3 Rxb5 44. Rxa3 1-0

[Event "Madonna di Campiglio op 14th"]
[Site "Madonna di Campiglio"]
[Date "1988.07.21"]
[Round "5.12"]
[White "Ferretti, Folco"]
[Black "Rodighiero, Giuseppe"]
[Result "1-0"]
[WhiteElo "2070"]
[BlackElo "1972"]
[PlyCount "51"]
[EventDate "1988.07.16"]
[EventType "swiss"]
[EventRounds "8"]
[EventCountry "ITA"]
[SourceTitle "EXT 2023"]
[Source "ChessBase"]
[SourceDate "2022.10.05"]
[SourceVersion "1"]
[SourceVersionDate "2022.10.05"]
[SourceQuality "1"]

1. e4 c6 2. d4 d5 3. Nd2 dxe4 4. Nxe4 Bf5 5. Nc5 Qc7 6. Bd3 Bxd3 7. Nxd3 e6 8. Nf3 Nf6 9. Bf4 Bd6 10. Nfe5 Qa5+ 11. c3 Bxe5 12. Nxe5 0-0 13. 0-0 Nd5 14. Bg3 Qd8 15. Qb3 Qb6 16. Nc4 Qxb3 17. axb3 Nd7 18. Na5 N7f6 19. Nxb7 Ne4 20. Bd6 Nxd6 21. Nxd6 Rfb8 22. b4 Nc7 23. Ra5 Kf8 24. Rfa1 a6 25. Rc5 Ke7 26. Nc4 1-0

[Event "Madonna di Campiglio op 14th"]
[Site "Madonna di Campiglio"]
[Date "1988.07.18"]
[Round "3.7"]
[White "Rodighiero, Giuseppe"]
[Black "Bellomo, Francesco"]
[Result "0-1"]
[WhiteElo "1972"]
[BlackElo "2179"]
[PlyCount "126"]
[EventDate "1988.07.16"]
[EventType "swiss"]
[EventRounds "8"]
[EventCountry "ITA"]
[SourceTitle "EXT 2023"]
[Source "ChessBase"]
[SourceDate "2022.10.05"]
[SourceVersion "1"]
[SourceVersionDate "2022.10.05"]
[SourceQuality "1"]

1. d4 Nf6 2. c4 g6 3. Nc3 d5 4. Nf3 Bg7 5. Bg5 Ne4 6. cxd5 Nxc3 7. bxc3 Qxd5 8. e3 Qa5 9. Qb3 Be6 10. Bc4 Bxc4 11. Qxc4 Nd7 12. Qb4 Qxb4 13. cxb4 h6 14. Bf4 c5 15. bxc5 Nxc5 16. Rb1 Nd3+ 17. Ke2 Nxf4+ 18. exf4 b6 19. Rhc1 Kd7 20. Rc2 Rhc8 21. Rbc1 e6 22. a4 Rxc2+ 23. Rxc2 Rc8 24. Ra2 Kd6 25. Kd3 Kd5 26. Rb2 Rc1 27. a5 Kc6 28. axb6 axb6 29. Ne5+ Bxe5 30. fxe5 b5 31. Kd2 Ra1 32. f4 Ra5 33. Kc3 Ra3+ 34. Kc2 Ra5 35. Kc3 Kd5 36. Kb4 Ra7 37. Rd2 Rb7 38. g3 Ke4 39. Rd1 h5 40. Rd2 Rb8 41. h4 Kd5 42. Re2 Rb7 43. Rd2 Ke4 44. Rd1 Rb6 45. Rc1 Rb7 46. Rd1 Kd5 47. Rd2 Rc7 48. Rd3 Rc1 49. Kxb5 Rb1+ 50. Ka6 Ke4 51. Rd2 Ke3 52. Ra2 Kxd4 53. Rd2+ Ke4 54. Rd7 Rb3 55. Rxf7 Rxg3 56. Rf6 Rg4 57. Rxe6 Kxf4 58. Re8 Rxh4 59. e6 Kg5 60. Kb5 Re4 61. Kc6 h4 62. Kd5 Re1 63. Rf8 h3 0-1